| 000 | 00536nam a2200181 i 4500 | ||
|---|---|---|---|
| 001 | 66376 | ||
| 003 | ES-MaACL | ||
| 005 | 20230906165623.0 | ||
| 007 | t| | ||
| 008 | 030626s2002 sp ||||0| spa d | ||
| 040 |
_aM-BN _bspa _cM-BN |
||
| 080 | _a821.134.2-14"19" | ||
| 100 | 1 |
_aEmpaytaz de Croome, Dionisia. _9144064 |
|
| 245 | 1 | 0 |
_aSeis poemas de amor / _cDionisia Empaytaz. |
| 260 |
_aBarcelona : _bDionisia Empaytaz, _c2002 ( _eBarcelona : _fGráf. Rafael) |
||
| 300 |
_a47 p ; _c21 cm. |
||
| 852 |
_aES-MaACL _jL-26851 _bR.132332 |
||
| 999 |
_c66376 _d66376 |
||